Clint magee

Saved in:
Bibliographic Details
Main Author: Alexander, L. G.
Other Authors: Holder, John (Illustrator)
Format: Book
Language:English
Published: Harlow, England : Longman, 1976
Series:Longman structural readers. Fiction ; ; 3; Stage 3
Subjects:
Tags: Add Tag
No Tags, Be the first to tag this record!

MARC

LEADER 00000nam a2200000 i 4500
001 1/49866
008 960401s1976 eng d
020 |a 0582536820 
035 |l 10026906 
040 |a GR-MY-UA  |b gre  |e aacr 
041 0 |a eng 
082 0 |a 428.64 
100 1 |a Alexander, L. G. 
245 1 0 |a Clint magee 
260 |a Harlow, England :   |b Longman,   |c 1976 
300 |a 59 p. 
490 1 |a Longman structural readers. Fiction  |v ; Stage 3 
650 0 0 |a English language  |x Readers. 
650 0 0 |a English language  |v Textbooks for foreign speakers. 
700 1 |a Holder, John.  |4 ill 
830 0 |a Longman structural readers. Fiction ;  |v ; 3; Stage 3 
852 |a INST  |b CHIOS  |e 19960401  |h 428.64 ALE  |p 005200004928  |q 005200004928  |t BK  |y 0 
909 |a Χ  |b 004785